000 00294 a2200121 4500
005 20250628082824.0
020 _a0-07-339750-4
082 _a658.049 ROB
245 _aInternational Business.
260 _aNew York,
_bMcGraw Hill,
_c2008.
300 _axxv, 237p.:
_bIndex
_c26cm
942 _2ddc
_cBKS
999 _c5887
_d5887